| 000 | 00343nam a22001457a 4500 | ||
|---|---|---|---|
| 008 | 230512b ||||| |||| 00| 0 eng d | ||
| 020 | _a9780691138060 | ||
| 041 | _aeng | ||
| 080 |
_2 _a159.9 |
||
| 082 | _a159.9VOG | ||
| 100 | _a25 | ||
| 101 | _aPSI | ||
| 245 |
_aGLIMPSES OF CREATURES IN THEIR PHYSICAL WORLD _cVOGEL .S |
||
| 942 |
_2udc _cBK |
||
| 999 |
_c59683 _d59683 |
||